ბათუმის შოთა რუსთაველის სახელმწიფო უნივერსიტეტის ბიბლიოთეკა

სტრატეგიული მენეჯმენტი. (ბიბ.ჩანაწერი № 43993)

000 -LEADER
fixed length control field 00975nam a2200241Ia 4500
001 - CONTROL NUMBER
control field 10743
003 - CONTROL NUMBER IDENTIFIER
control field GE_BSU
008 - FIXED-LENGTH DATA ELEMENTS--GENERAL INFORMATION
fixed length control field 181216s||||||||xx |||||||||||||| ||und||
020 ## - INTERNATIONAL STANDARD BOOK NUMBER
International Standard Book Number 9789941054587
040 ## - CATALOGING SOURCE
Transcribing agency GE_BSU
080 ## - UNIVERSAL DECIMAL CLASSIFICATION NUMBER
Universal Decimal Classification number 005.21(075.8)
100 ## - MAIN ENTRY--PERSONAL NAME
Personal name ბარათაშვილი,ევგენი;ზარანდია,ჯანდრი;ფარესაშვილი,ნინო და სხვ.
245 ## - TITLE STATEMENT
Title სტრატეგიული მენეჯმენტი.
245 ## - TITLE STATEMENT
Remainder of title სახელმძღვანელო.
245 ## - TITLE STATEMENT
Statement of responsibility, etc. რედ.ლარისა თაკალანძე,დავით ჯალაღონია.
260 ## - PUBLICATION, DISTRIBUTION, ETC.
Place of publication, distribution, etc. თბილისი.
260 ## - PUBLICATION, DISTRIBUTION, ETC.
Date of publication, distribution, etc. 2013.
300 ## - PHYSICAL DESCRIPTION
Extent 434გვ;20სმ.
300 ## - PHYSICAL DESCRIPTION
Accompanying material ნახ;ცხრ;ფოტ;ბიბლიოგრ;გვ424–428.
653 ## - INDEX TERM--UNCONTROLLED
Uncontrolled term სტრატეგიული მენეჯმენტი.
942 ## - ADDED ENTRY ELEMENTS (KOHA)
Koha item type წიგნი
ეგზემპლარები
Withdrawn status Lost status Damaged status Not for loan Date acquired Barcode Date last seen Price effective from Koha item type
        2018-12-17 35088 2018-12-17 2018-12-17 წიგნი
        2018-12-17 35089 2018-12-17 2018-12-17 წიგნი
        2018-12-17 35090 2018-12-17 2018-12-17 წიგნი